<?xml version="1.0" encoding="UTF-8"?>
<record
    xmlns:xsi="http://www.w3.org/2001/XMLSchema-instance"
    xsi:schemaLocation="http://www.loc.gov/MARC21/slim http://www.loc.gov/standards/marcxml/schema/MARC21slim.xsd"
    xmlns="http://www.loc.gov/MARC21/slim">

  <leader>01370nam a22002415a 4500</leader>
  <controlfield tag="003">OSt</controlfield>
  <controlfield tag="005">20170115114258.0</controlfield>
  <controlfield tag="008">111123s2007    ua a   fr    000 0  ara d</controlfield>
  <datafield tag="040" ind1=" " ind2=" ">
    <subfield code="a">EG-ScBUE</subfield>
    <subfield code="b">ara</subfield>
    <subfield code="c">EG-ScBUE</subfield>
    <subfield code="d">EG-ScBUE</subfield>
  </datafield>
  <datafield tag="043" ind1=" " ind2=" ">
    <subfield code="a">f-ua---</subfield>
  </datafield>
  <datafield tag="082" ind1="0" ind2="4">
    <subfield code="a">624.18340962</subfield>
    <subfield code="b">&#x643; &#x648; &#x62F;</subfield>
    <subfield code="2">22</subfield>
  </datafield>
  <datafield tag="110" ind1="1" ind2=" ">
    <subfield code="a">&#x645;&#x635;&#x631;.</subfield>
    <subfield code="b">&#x648;&#x632;&#x627;&#x631;&#x629; &#x627;&#x644;&#x625;&#x633;&#x643;&#x627;&#x646; &#x648;&#x627;&#x644;&#x645;&#x631;&#x627;&#x641;&#x642; &#x648;&#x627;&#x644;&#x645;&#x62C;&#x62A;&#x645;&#x639;&#x627;&#x62A; &#x627;&#x644;&#x639;&#x645;&#x631;&#x627;&#x646;&#x64A;&#x629;.</subfield>
  </datafield>
  <datafield tag="245" ind1="1" ind2="2">
    <subfield code="a">&#x627;&#x644;&#x643;&#x648;&#x62F; &#x627;&#x644;&#x645;&#x635;&#x631;&#x64A; &#x644;&#x62A;&#x635;&#x645;&#x64A;&#x645; &#x648;&#x62A;&#x646;&#x641;&#x64A;&#x630; &#x627;&#x644;&#x645;&#x646;&#x634;&#x622;&#x62A; &#x627;&#x644;&#x62E;&#x631;&#x633;&#x627;&#x646;&#x64A;&#x629; :</subfield>
    <subfield code="b">&#x643;&#x648;&#x62F; &#x631;&#x642;&#x645; 203 - 2007 /</subfield>
    <subfield code="c">&#x627;&#x644;&#x645;&#x631;&#x643;&#x632; &#x627;&#x644;&#x642;&#x648;&#x645;&#x64A; &#x644;&#x628;&#x62D;&#x648;&#x62B; &#x627;&#x644;&#x625;&#x633;&#x643;&#x627;&#x646; &#x648;&#x627;&#x644;&#x628;&#x646;&#x627;&#x621;&#x60C; &#x648;&#x632;&#x627;&#x631;&#x629; &#x627;&#x644;&#x625;&#x633;&#x643;&#x627;&#x646; &#x648;&#x627;&#x644;&#x645;&#x631;&#x627;&#x641;&#x642; &#x648;&#x627;&#x644;&#x645;&#x62C;&#x62A;&#x645;&#x639;&#x627;&#x62A; &#x627;&#x644;&#x639;&#x645;&#x631;&#x627;&#x646;&#x64A;&#x629; &#x61B; &#x627;&#x644;&#x644;&#x62C;&#x646;&#x629; &#x627;&#x644;&#x62F;&#x627;&#x626;&#x645;&#x629; &#x644;&#x644;&#x625;&#x639;&#x62F;&#x627;&#x62F; &#x627;&#x644;&#x643;&#x648;&#x62F; &#x627;&#x644;&#x645;&#x635;&#x631;&#x64A;.</subfield>
  </datafield>
  <datafield tag="250" ind1=" " ind2=" ">
    <subfield code="a">&#x637;. &#x627;&#x644;&#x62A;&#x62D;&#x62F;&#x64A;&#x62B; &#x627;&#x644;&#x62B;&#x627;&#x644;&#x62B;.</subfield>
  </datafield>
  <datafield tag="260" ind1=" " ind2=" ">
    <subfield code="a">&#x627;&#x644;&#x642;&#x627;&#x647;&#x631;&#x629; :</subfield>
    <subfield code="b">&#x648;&#x632;&#x627;&#x631;&#x629; &#x627;&#x644;&#x625;&#x633;&#x643;&#x627;&#x646; &#x648;&#x627;&#x644;&#x645;&#x631;&#x627;&#x641;&#x642; &#x648;&#x627;&#x644;&#x645;&#x62C;&#x62A;&#x645;&#x639;&#x627;&#x62A; &#x627;&#x644;&#x639;&#x645;&#x631;&#x627;&#x646;&#x64A;&#x629;&#x60C; &#x627;&#x644;&#x645;&#x631;&#x643;&#x632; &#x627;&#x644;&#x642;&#x648;&#x645;&#x64A; &#x644;&#x628;&#x62D;&#x648;&#x62B; &#x627;&#x644;&#x625;&#x633;&#x643;&#x627;&#x646; &#x648;&#x627;&#x644;&#x628;&#x646;&#x627;&#x621;&#x60C;</subfield>
    <subfield code="c">2007.</subfield>
  </datafield>
  <datafield tag="300" ind1=" " ind2=" ">
    <subfield code="a">1 &#x645;&#x62C;. (&#x645;&#x62A;&#x639;&#x62F;&#x62F; &#x627;&#x644;&#x62A;&#x631;&#x642;&#x64A;&#x645;) :</subfield>
    <subfield code="b">&#x625;&#x64A;&#x636; &#x61B;</subfield>
    <subfield code="c">2007.</subfield>
  </datafield>
  <datafield tag="650" ind1=" " ind2="7">
    <subfield code="a">&#x627;&#x644;&#x62E;&#x631;&#x633;&#x627;&#x646;&#x629; &#x627;&#x644;&#x645;&#x633;&#x644;&#x62D;&#x629;.</subfield>
    <subfield code="z">&#x645;&#x635;&#x631;.</subfield>
    <subfield code="2">BUEsh</subfield>
    <subfield code="9">22217</subfield>
  </datafield>
  <datafield tag="650" ind1=" " ind2="7">
    <subfield code="a">&#x627;&#x644;&#x645;&#x646;&#x634;&#x622;&#x62A; &#x627;&#x644;&#x62E;&#x631;&#x633;&#x627;&#x646;&#x64A;&#x629;</subfield>
    <subfield code="z">&#x645;&#x635;&#x631;.</subfield>
    <subfield code="9">27849</subfield>
    <subfield code="2">BUEsh</subfield>
  </datafield>
  <datafield tag="651" ind1=" " ind2=" ">
    <subfield code="2">BUEsh</subfield>
  </datafield>
  <datafield tag="653" ind1=" " ind2=" ">
    <subfield code="b">ENGARC</subfield>
    <subfield code="c">November2011</subfield>
    <subfield code="c">January2017</subfield>
  </datafield>
  <datafield tag="710" ind1="2" ind2=" ">
    <subfield code="a">&#x627;&#x644;&#x644;&#x62C;&#x646;&#x629; &#x627;&#x644;&#x62F;&#x627;&#x626;&#x645;&#x629; &#x644;&#x644;&#x625;&#x639;&#x62F;&#x627;&#x62F; &#x627;&#x644;&#x643;&#x648;&#x62F; &#x627;&#x644;&#x645;&#x635;&#x631;&#x64A;.</subfield>
  </datafield>
  <datafield tag="942" ind1=" " ind2=" ">
    <subfield code="2">ddc</subfield>
  </datafield>
  <datafield tag="999" ind1=" " ind2=" ">
    <subfield code="c">16249</subfield>
    <subfield code="d">16249</subfield>
  </datafield>
  <datafield tag="952" ind1=" " ind2=" ">
    <subfield code="0">0</subfield>
    <subfield code="1">0</subfield>
    <subfield code="2">ddc</subfield>
    <subfield code="4">0</subfield>
    <subfield code="7">0</subfield>
    <subfield code="8">Alef-Baa</subfield>
    <subfield code="a">MAIN</subfield>
    <subfield code="b">MAIN</subfield>
    <subfield code="c">1ST</subfield>
    <subfield code="d">2011-11-23</subfield>
    <subfield code="e">Purchase</subfield>
    <subfield code="o">624.18340962 &#x643; &#x648; &#x62F;</subfield>
    <subfield code="p">000025708</subfield>
    <subfield code="r">2025-07-15 00:00:00</subfield>
    <subfield code="s">2015-12-01</subfield>
    <subfield code="y">NB</subfield>
  </datafield>
  <datafield tag="952" ind1=" " ind2=" ">
    <subfield code="0">0</subfield>
    <subfield code="1">0</subfield>
    <subfield code="2">ddc</subfield>
    <subfield code="4">0</subfield>
    <subfield code="7">0</subfield>
    <subfield code="8">Alef-Baa</subfield>
    <subfield code="a">MAIN</subfield>
    <subfield code="b">MAIN</subfield>
    <subfield code="c">1ST</subfield>
    <subfield code="d">2011-11-23</subfield>
    <subfield code="e">Purchase</subfield>
    <subfield code="o">624.18340962 &#x643; &#x648; &#x62F;</subfield>
    <subfield code="p">000025710</subfield>
    <subfield code="r">2025-07-15 00:00:00</subfield>
    <subfield code="s">2015-03-19</subfield>
    <subfield code="y">NB</subfield>
  </datafield>
  <datafield tag="952" ind1=" " ind2=" ">
    <subfield code="0">0</subfield>
    <subfield code="1">0</subfield>
    <subfield code="2">ddc</subfield>
    <subfield code="4">0</subfield>
    <subfield code="7">0</subfield>
    <subfield code="8">Alef-Baa</subfield>
    <subfield code="a">MAIN</subfield>
    <subfield code="b">MAIN</subfield>
    <subfield code="c">1ST</subfield>
    <subfield code="d">2011-11-23</subfield>
    <subfield code="e">Purchase</subfield>
    <subfield code="o">624.18340962 &#x643; &#x648; &#x62F;</subfield>
    <subfield code="p">000025709</subfield>
    <subfield code="r">2025-07-15 00:00:00</subfield>
    <subfield code="s">2016-08-08</subfield>
    <subfield code="y">NB</subfield>
  </datafield>
</record>
